00696nam a22002177a 450000500170000001000130001702000110003003500130004103700160005404000120007008200150008210000190009724500840011625000120020026000480021227000560026030000250031650000220034165000620036365000530042520170124110245.0 aA-291669 c275.00 aA-291669 bCen Lib/Ret aDPLbEN a351.5bMAL aMalhotra, L.C. aDismissal, discharge, termination of service, and punishment /cby L.C.Malhotra a8th ed. aAllahabadbThe University Book Agencyc1986 bAllahabada15-B, Elgin Road Post Box No.63e211 001 axiv,861p. c23cm(Hb) aIncludes index  aEmployees -- Dismissal of -- Law and legislation -- India aEmployees -- Dismissal of -- Law and legislation